000 00510nam a2200193 a 4500
001 1777027203167
003 YourLibrary
005 20260424161207.0
008 260424s1998##################000#0#eng##
020 _a9780198150862
082 0 4 _a345.495120252CAR
100 1 _aCarawan, Edwin,
_eauthor.
245 1 0 _aRhetoric and the Law of Draco :
260 _bOxford University Press,
_c1998.
300 _a440 pages
650 0 _aHistory.
942 _cENGLISH
040 _aYourLibrary
_beng
_cYourLibrary
999 _c619825
_d619825